Statistics for Most Popular Baby Girl Names by State in 2016

Click here to take the quiz!

General Stats

  • This quiz has been taken 535 times
  • The average score is 191 of 255

Answer Stats

StateName% Correct
AK | AL | AR | +47 othersEmma
88%
AK | AL | AR | +48 othersOlivia
83%
DCSofia
80%
AL | AR | CT | +31 othersAva
78%
AZ | CA | CO | +14 othersIsabella
76%
AK | AZ | CA | +18 othersSophia
76%
AZ | CA | CT | +7 othersMia
74%
AK | CO | CT | +23 othersCharlotte
72%
AL | WYElizabeth
70%
AK | LA | ND | NHAmelia
63%
GA | MT | SCMadison
54%
AR | ID | OK | VAAbigail
52%
AL | AR | IA | +21 othersHarper
49%
IA | MN | ND | +4 othersEvelyn
48%
MSBrooklyn
17%

Score Distribution

Percentile by Number Answered

Percent of People with Each Score

Your Score History

You have not taken this quiz